000 00639nam a2200205 i 4500
001 95919
003 ES-MaACL
005 20230906181813.0
007 t|
008 050608s1946 ag ||||1| spa d
100 1 _aMackail, J. W.
_975240
245 1 0 _aVirgilio y su influencia en el mundo de hoy /
_cJ. W. Mackail; [traducción por Rodolfo Rowe].
260 _aBuenos Aires :
_bNova,
_c1946.
300 _a188 p. ;
_c19 cm.
490 1 _aNuestra deuda con Grecia y Roma
700 1 _aRowe, Rodolfo.
_9100180
830 0 _aNuestra deuda con Grecia y Roma
_9182816
852 _aES-MaACL
_jB-10650
_bR.22637
999 _c95919
_d95919